[Event "Fall Chess Classic-B 2018"]
[Site "Saint Louis"]
[Date "2018.10.16"]
[Round "7"]
[White "Boros, Denes"]
[Black "Yoo, Christopher Woojin"]
[Result "1-0"]
[WhiteElo "2439"]
[BlackElo "2410"]
[Annotator "TA"]
[PlyCount "57"]
[EventDate "2018.10.10"]
[EventType "tourn"]
[EventCountry "USA"]
[SourceTitle "playchess.com"]
[Source "ChessBase"]
[SourceQuality "1"]

{[%evp 22,57,28,27,33,28,35,10,0,8,94,-42,-22,-37,-33,-38,-31,-25,447,449,608,570,29985,29986,29987,2374,1936,1502,29983,2308,29984,29985,29984,1927,29996,1956,29996,29997]} 1. e4 c5 2. Nf3 d6 3. d4 cxd4 4. Nxd4 Nf6 5. Nc3 a6 6. Bg5 Nbd7 7. Bc4 Qb6 {B94: Sicilian Najdorf: 6 Bg5 Nbd7} 8. Bb3 e6 9. Qd2 Be7 10. O-O-O Nc5 11. f3 O-O 12. Kb1 {LiveBook: 4 Games} Qc7 13. g4 b5 14. a3 Bd7 15. h4 {[%cal Bh2h4,Bh4h5,Bh5h6][%mdl 32] [#]} Qb6 $146 (15... Rab8 $11 {keeps the balance.}) ({Predecessor:} 15... Nxb3 16. cxb3 {1-0 (34) Perunovic,M (2696)-Kovacevic,A (2629) Belgrade 2014}) 16. Bxf6 ({Only move:} 16. h5 $16) 16... Bxf6 $15 17. g5 Be7 18. h5 a5 19. g6 {And now h6 would win.} b4 $2 {[%mdl 8192]} (19... Nxb3 $11 20. gxh7+ Kxh7 21. Nxb3 a4) 20. h6 $18 Bf6 21. Qh2 {aiming for hxg7.} Rfb8 22. hxg7 Bxg7 23. gxf7+ (23. Qxh7+ $142 Kf8 24. gxf7 Kxf7 25. Nf5 Ke8 26. Qxg7 Kd8 {[#]} 27. Na4 $1 {[%mdl 512]} Kc7 28. Rxd6 exf5 29. Rxb6 Rxb6 30. Qe5+ Rd6 31. Nxc5 fxe4 32. Rd1) 23... Kxf7 24. Nf5 bxc3 25. Qxh7 (25. Rhg1 $142 Bf8 26. Qh5+ Kf6 27. Qxh7 Nxe4 28. Qh4+ Ke5 29. Qxe4+ Kf6 30. Qh4+ Kf7 31. Qh5+ Kf6 32. Qg5+ Kf7 33. Qg6#) 25... Rg8 26. Rhg1 Ke8 27. Rxd6 (27. Qxg8+ $142 Bf8 28. Nxd6+ Kd8 29. Qxf8+ Kc7 30. Qxa8 Qb8 31. Qxa5+ Qb6 32. Qxc3) 27... Qb8 28. Nxg7+ (28. Rxg7 $142 Rxg7 29. Qh8+ Kf7 30. Qxg7+ Ke8 31. Qg8#) 28... Kf8 {[#]} 29. Rxd7 $1 {Precision: White = 43%, Black = 33%.} 1-0

[Event "Fall Chess Classic-B 2018"]
[Site "Saint Louis"]
[Date "2018.10.17"]
[Round "8"]
[White "Azarov, Sergei"]
[Black "Jacobson, Brandon"]
[Result "1-0"]
[WhiteElo "2565"]
[BlackElo "2412"]
[Annotator "TA"]
[PlyCount "141"]
[EventDate "2018.10.10"]
[EventType "tourn"]
[EventCountry "USA"]
[SourceTitle "playchess.com"]
[Source "ChessBase"]
[SourceQuality "1"]

{[%evp 40,141,29,22,26,0,0,0,14,18,20,8,22,8,8,11,15,0,0,0,11,10,30,25,47,24,72,71,78,38,38,37,42,37,78,66,69,33,33,33,40,28,29,29,40,30,29,30,40,40,40,40,40,40,40,40,40,40,43,26,18,19,44,44,44,44,44,43,43,43,43,44,44,43,51,51,51,51,51,51,51,51,51,51,51,51,52,52,59,8,56,51,59,8,60,61,61,68,68,68,29989,29981,29990,29991]} 1. e4 c5 2. Nf3 Nc6 3. d4 cxd4 4. Nxd4 Nf6 5. Nc3 e5 6. Ndb5 {[%cal Bd4b5,Bb5a3,Ba3c2,Bc2e3][%mdl 32]} d6 7. Bg5 a6 8. Na3 b5 9. Bxf6 gxf6 10. Nd5 f5 11. c3 Bg7 12. exf5 Bxf5 13. Nc2 O-O 14. Nce3 Be6 15. Bd3 f5 16. O-O Kh8 {B33: Sicilian: Pelikan and Sveshnikov Variations} (16... Ra7 17. a4 Ne7 18. Bc2 Nxd5 19. Nxd5 bxa4 20. Rxa4 Kh8 21. Qd2 e4 22. Rfa1 a5 23. Nf4 Bf7 24. Ne2 Be8 25. R4a3 {½-½ (110) Wang,H (2690)-Yu,Y (2750) China 2017}) 17. Qh5 e4 18. Bc2 Ne7 19. Rad1 Bf7 20. Qh3 Nxd5 21. Nxd5 {LiveBook: 4 Games} Qg5 22. Qg3 Qh6 {...Be5 is the strong threat.} 23. Qe3 $1 Qh4 24. g3 Qg4 25. Rd2 Rae8 $146 26. f4 exf3 $1 27. Qxf3 Bh6 28. Rd4 Qxf3 29. Rxf3 Re1+ 30. Kg2 Bg7 31. Rd2 Be5 32. Bb3 ({Of course not} 32. Rxf5 Bxd5+ 33. Rxd5 Rxf5 $15) 32... Bh5 33. Rff2 a5 34. Nf4 Be8 35. Bd5 Bd7 36. a3 Rc8 37. Nd3 Re3 38. Rfe2 (38. Bb7 {is interesting.} Rc7 39. Ba8 Bg7 40. Nf4 Re8 41. Bf3) 38... Rxe2+ 39. Rxe2 Re8 40. Bf3 Kg7 41. Rd2 Re7 42. Nf4 Be8 43. Kf2 Ra7 44. Nd3 Bf6 45. Bd5 Re7 46. Nf4 Be5 47. Bg2 Ra7 48. Nd3 Bf6 49. h4 Bf7 50. Bh3 d5 51. Nf4 b4 52. axb4 axb4 53. cxb4 Ra4 54. Nxd5 Bxd5 55. Rxd5 Rxb4 56. Bxf5 Rxb2+ $14 {[%mdl 4096] Endgame KRB-KRB} 57. Kf3 {Black must now prevent Rd7+.} Rb7 58. Kg4 Re7 59. Kh5 Re5 60. Rd7+ Re7 61. Rd3 Ra7 62. g4 h6 63. Rd6 Rc7 64. Be6 ({White should try} 64. Ra6 $14) 64... Re7 65. Rc6 Ra7 66. Bd5 (66. Bb3 $14) 66... Rd7 ({Black should play} 66... Re7 $1 $11) 67. Bc4 Re7 68. g5 hxg5 69. hxg5 Be5 $2 {[%mdl 8192] [#]} (69... Bd4 $14) 70. Rc8 Kh7 71. Rg8 {Precision: White = 58%, Black = 62%.} 1-0

[Event "Fall Chess Classic-B 2018"]
[Site "Saint Louis"]
[Date "2018.10.17"]
[Round "8"]
[White "Zierk, Steven"]
[Black "Boros, Denes"]
[Result "1-0"]
[WhiteElo "2506"]
[BlackElo "2439"]
[Annotator "TA"]
[PlyCount "121"]
[EventDate "2018.10.10"]
[EventType "tourn"]
[EventCountry "USA"]
[SourceTitle "playchess.com"]
[Source "ChessBase"]
[SourceQuality "1"]

{[%evp 11,121,-12,-5,-21,-19,-20,-29,-15,-16,-17,-13,-20,0,0,0,0,-3,0,69,-21,-22,-20,-15,-37,0,-51,-39,-22,0,0,43,-57,-58,-69,0,0,0,-44,-33,-156,-141,-261,-271,-292,-248,-249,-235,-233,-236,-264,-262,-261,-257,-261,-259,-247,-257,-275,-279,-276,-278,-384,-360,-384,-366,-383,-390,-383,-377,-410,-289,-276,-185,-167,-112,-130,-38,-55,-33,-45,-8,-8,-8,-8,-8,-8,-8,-8,0,0,0,0,0,0,0,0,0,-8,0,0,0,0,29982,29983,29983,29984,29984,29985,29987,29988,29988,29988]} 1. e4 e6 2. d4 d5 3. Nd2 dxe4 4. Nxe4 Nd7 5. Nf3 Ngf6 6. Ng3 c5 {LiveBook: 18 Games} 7. Bc4 {C10: French with 3 Nc3: Unusual Black 3rd moves and 3...dxe4} b5 8. Be2 Bb7 9. O-O {Black has an edge.} b4 $146 ({Predecessor:} 9... a6 10. a4 b4 11. c3 bxc3 12. bxc3 Bd6 {½-½ (31) Apaydin,F (2353)-Esen,B (2487) Ankara 2018}) 10. Bb5 Qb6 11. Qe2 a6 12. Ba4 cxd4 13. Rd1 Qa5 14. b3 O-O-O (14... Bc5 $11) 15. Nxd4 ({White should play} 15. a3 $1 $14) 15... Qc7 $1 $11 16. Bb2 Nd5 $1 {[%cal Rd5f4] With the idea ...Nf4.} 17. Nf3 N7b6 18. Ne4 (18. Qe1 $11) 18... Nxa4 19. bxa4 Be7 20. Be5 ({Avoid the trap} 20. Bxg7 $2 Nf4 $19) 20... Qc6 (20... Nf4 $5 {[%cal Rf4e2]} 21. Qf1 Qc6 $11) 21. Re1 (21. c3 $14 Nc7 22. Re1) 21... f6 $1 $15 22. c4 $1 {[%cal Rc4d5]} fxe5 (22... Nb6 $15 23. c5 Qxe4 24. Qxe4 Bxe4 25. Rxe4 Nd5) 23. cxd5 $11 Qxd5 24. Nfd2 Kb8 25. Nc4 ({White should try} 25. Nb3 $15) 25... Bc5 $36 {[%mdl 2048] Black is in control.} 26. Kh1 {[#]} (26. Na5 $17 {only move.} Qxe4 27. Qxe4 Bxe4 28. Rxe4) 26... Bd4 $1 $19 {[%cal Rd4a1]} 27. Rad1 Qxe4 28. Qxe4 Bxe4 29. Rxe4 Bxf2 30. Rb1 {[#]} Rd4 $1 {[%cal Rd4e4]} 31. Rxd4 Bxd4 ({But not} 31... exd4 32. g3 $17) 32. Rxb4+ {[%mdl 4096] Endgame KRB-KRN} Kc7 33. Nd2 Rf8 34. Nf3 Rf4 35. h3 h6 36. a5 Bc5 37. Rb1 e4 38. Ne5 Rf5 39. Nc4 Kc6 40. Re1 Rf2 41. Rxe4 Kd5 42. Rg4 h5 (42... Rxa2 $19 {Hoping for ...e5.} 43. Nb6+ Kc6) 43. Nb6+ $17 Bxb6 {KRB-KR} (43... Kc6 $17 44. Rc4 Kd6) 44. Rg5+ $15 e5 45. axb6 Rxa2 46. Rxg7 {KR-KR} Rb2 47. b7 a5 48. g4 h4 {...a4 is the strong threat.} 49. g5 {Strongly threatening g6.} a4 {Threatens to win with ...a3.} 50. g6 a3 51. Rd7+ Ke4 52. Rh7 $1 Kf3 53. Rf7+ Ke4 54. Rh7 Kd3 {( -> ...a2)} 55. Rxh4 {aiming for g7.} e4 56. Rh8 e3 $2 {[%mdl 8192]} (56... Rxb7 $11 57. Ra8 Ke3) 57. b8=Q {White mates.} Rxb8 58. Rxb8 a2 59. Rd8+ Kc2 60. Ra8 Kb1 {[#]} 61. Rxa2 $1 {Precision: White = 58%, Black = 61%.} 1-0

[Event "Fall Chess Classic-B 2018"]
[Site "Saint Louis"]
[Date "2018.10.17"]
[Round "8"]
[White "Ashwin, Jayaram"]
[Black "Moradiabadi, Elshan"]
[Result "1/2-1/2"]
[WhiteElo "2494"]
[BlackElo "2534"]
[Annotator "TA"]
[PlyCount "84"]
[EventDate "2018.10.10"]
[EventType "tourn"]
[EventCountry "USA"]
[SourceTitle "playchess.com"]
[Source "ChessBase"]
[SourceQuality "1"]

{[%evp 19,84,0,0,0,0,0,0,0,0,0,4,0,10,25,27,3,0,0,0,-23,-26,-22,-9,0,7,3,3,3,4,4,4,4,49,0,0,0,0,0,0,0,0,0,0,0,25,25,25,24,35,8,13,0,0,0,21,0,0,0,0,0,0,0,4,0,0,0,0]} 1. d4 Nf6 2. c4 e6 3. Nc3 Bb4 4. e3 O-O 5. Bd3 d5 6. Nge2 c5 7. cxd5 cxd4 8. exd4 Nxd5 9. O-O Nc6 10. Be4 Nf6 {LiveBook: 27 Games} 11. Bg5 {[%cal Bc1g5,Bg5h4,Bh4g3][%mdl 32] E48: Nimzo-Indian: Rubinstein: 5 Bd3 d5 including 6 Ne2, but excluding 6 a3} (11. Bf3 h6 12. Qa4 Bd6 13. Bxc6 bxc6 14. Bf4 Bxf4 15. Nxf4 Qb6 16. b3 Bb7 17. Nd3 Ba6 18. Rfd1 Bxd3 19. Rxd3 {½-½ (27) Cruz,C (2558)-Fier,A (2576) Medellin 2017}) 11... Be7 12. Bf3 h6 13. Bh4 $146 ({Predecessor:} 13. Be3 Na5 14. a3 Nc4 15. Bc1 Bd7 16. Qd3 Nd6 17. Bf4 Rc8 18. b3 Qb6 {½-½ (85) Lutsko,I (2399)-Zherebukh,Y (2432) Khmelnitsky 2008}) 13... Bd7 {[%cal Bc8d7,Bd7e8,Be8c6][%mdl 32]} 14. Re1 Rc8 15. a3 b6 16. Bg3 Be8 17. Qd3 Bd6 18. Bh4 g5 19. Bxc6 (19. Bg3 {is more complex.} Bxg3 20. Nxg3 Qxd4 21. Qa6 Rb8 22. Rad1) 19... Bxc6 20. Bg3 Bxg3 21. Qxg3 Ne4 22. Nxe4 Bxe4 23. Nc3 Bb7 24. Rad1 Qf6 25. h4 Qf4 (25... Kh7 {seems wilder.} 26. hxg5 Qxg5 27. Qd3+ Kg7 28. d5 Bxd5 29. Nxd5 Qxd5 30. Qxd5 exd5 31. Rxd5 Rfd8) 26. hxg5 (26. Qxf4 {feels hotter.} gxf4 27. d5 Bxd5 28. Nxd5 exd5 29. Rxd5 Rfe8 30. Rxe8+ Rxe8 31. Kf1) 26... Qxg3 27. fxg3 hxg5 28. Re5 Rfd8 29. Rxg5+ Kf8 30. Rg4 Rc4 31. Rf4 Ke7 32. Rdf1 f5 33. Rh4 {[#] Strongly threatening Rh7+.} Bc6 34. Rff4 Rg8 {The position is equal.} 35. Kf2 b5 36. Rh7+ Kd6 37. Rxa7 b4 38. axb4 Rxb4 39. Ra2 Rgb8 40. Nd1 Ra4 41. Rxa4 Bxa4 42. Ke1 Bxd1 {Precision: White = 60%, Black = 70%.} 1/2-1/2

[Event "Fall Chess Classic-B 2018"]
[Site "Saint Louis"]
[Date "2018.10.17"]
[Round "8"]
[White "Chandra, Akshat"]
[Black "Gabuzyan, Hovhannes"]
[Result "1-0"]
[WhiteElo "2471"]
[BlackElo "2592"]
[Annotator "TA"]
[PlyCount "63"]
[EventDate "2018.10.10"]
[EventType "tourn"]
[EventCountry "USA"]
[SourceTitle "playchess.com"]
[Source "ChessBase"]
[SourceQuality "1"]

{[%evp 17,63,10,35,23,20,13,21,9,35,37,51,47,110,15,16,22,13,18,27,21,23,30,204,159,156,172,439,437,434,427,445,455,860,853,827,821,5831,1084,1112,836,3062,2983,2083,2302,29986,29987,29989,29990]} 1. d4 Nf6 2. c4 g6 3. Nc3 d5 4. Nf3 Bg7 5. h4 (5. Qb3 dxc4 6. Qxc4 O-O 7. e4 Nc6 8. Be2 e5 9. d5 Nd4 10. Nxd4 exd4 11. Qxd4 c6 12. Qc4 b5 13. Qxc6 Bd7 14. Qd6 Re8 15. Bg5 b4 16. Qxb4 Nxd5 17. Nxd5 Qxg5 {½-½ (33) Vidit,S (2711)-Vachier Lagrave,M (2780) chess.com INT 2018}) 5... c6 6. cxd5 {D90: Grünfeld: 4 Nf3 Bg7 sidelines} cxd5 7. Bf4 Nc6 8. e3 O-O 9. Qb3 b6 {LiveBook: 3 Games} 10. Rc1 Bb7 11. Be2 e6 $146 ({Predecessor:} 11... Na5 12. Qa3 Nc4 {½-½ (41) Can,E (2605)-Mchedlishvili,M (2608) Ankara 2018}) 12. O-O Ne4 13. Qa3 h6 14. Nb5 g5 (14... a6 $14 15. Nd6 Nxd6 16. Qxd6 (16. Bxd6 Re8 $14) 16... Rc8) 15. Bc7 (15. hxg5 $16 hxg5 16. Nxg5 $1 {[%mdl 512]} Nxg5 17. Nd6) 15... Qd7 $1 $11 {Strongly threatening ...a6.} 16. Ne5 $36 {[%mdl 2048] White is more active.} Nxe5 17. Bxe5 Rfc8 18. hxg5 (18. Nxa7 Bxe5 19. Bb5 Qd8 $17) 18... hxg5 19. Rxc8+ ({Reject} 19. Nxa7 Bxe5 20. dxe5 Rc5 $17) 19... Qxc8 $2 (19... Rxc8 $11 {and Black has nothing to worry.} 20. Nd6 (20. Nxa7 Ra8 $15) 20... Bxe5 21. dxe5 (21. Nxc8 Bb8 $11) 21... Nxd6 22. exd6 a5) 20. Bxg7 ({And not} 20. Nxa7 Qd8 $17) 20... Kxg7 {[#]} 21. Qe7 $1 {aiming for Nc7.} Rb8 $2 (21... Qc6 {is a better defense.}) 22. f3 $18 Nf6 23. Nd6 Qf8 24. Qc7 Rd8 (24... Ne8 $142 25. Qxb8 Nxd6) 25. Nxb7 Rd7 26. Qe5 Qe7 27. Qxg5+ Kf8 28. Rc1 Ne8 29. Qh6+ Kg8 30. Bd3 {Threatening mate with Qh7+.} f6 31. Rc8 Rc7 {[#]} 32. Bh7+ $1 {Precision: White = 60%, Black = 27%.} 1-0

[Event "Fall Chess Classic-B 2018"]
[Site "Saint Louis"]
[Date "2018.10.17"]
[Round "8"]
[White "Yoo, Christopher Woojin"]
[Black "Holt, Conrad"]
[Result "1-0"]
[WhiteElo "2410"]
[BlackElo "2561"]
[Annotator "TA"]
[PlyCount "47"]
[EventDate "2018.10.10"]
[EventType "tourn"]
[EventCountry "USA"]
[SourceTitle "playchess.com"]
[Source "ChessBase"]
[SourceQuality "1"]

{[%evp 19,47,24,25,25,34,36,27,32,21,30,58,0,321,331,302,292,332,329,363,363,358,355,1017,1004,969,967,671,875,29985,29986]} 1. e4 e6 2. d4 d5 3. Nc3 Nf6 4. Bg5 dxe4 5. Nxe4 Be7 6. Bxf6 Bxf6 7. Nf3 O-O 8. Bc4 Nd7 9. Qe2 {C13: French: Classical System: 4 Bg5 Be7, Alekhine-Chatard Attack} c5 10. O-O-O Be7 {LiveBook: 6 Games} 11. Nxc5 $146 {White has an edge.} ({Predecessor:} 11. Kb1 Qc7 12. Neg5 Nb6 13. Bd3 h6 14. h4 Nd5 15. Ne5 Bd6 16. Bh7+ Kh8 17. Qh5 Bxe5 18. dxe5 f6 19. Be4 Nf4 20. Qf3 fxg5 21. hxg5 Bd7 22. gxh6 g6 23. g3 Nh3 {0-1 (23) Van Kampen,R (2615)-Shankland,S (2652) Wijk aan Zee 2015}) 11... Nxc5 12. dxc5 Qc7 13. Ne5 Bxc5 14. f4 b5 15. Bd3 (15. Bxb5 $14 Bd6 16. g3) 15... Bb7 $2 {[%mdl 8192]} (15... f6 $11 {and Black is okay.} 16. Be4 (16. Qe4 g5 $15) 16... Rb8) 16. Bxh7+ $1 $18 Kxh7 17. Rd7 Qc8 {[#]} 18. Rhd1 $1 {[%cal Bh1d1,Bd1d3,Bd3h3][%mdl 32]} Kg8 {Strongly threatening ...Bd5.} 19. R1d3 Bc6 20. Rh3 {White threatens Qh5! and mate.} Qxd7 $2 {[#]} ({Inferior is} 20... Bxd7 21. Qh5 Be3+ 22. Kd1 Qxc2+ 23. Kxc2 Rac8+ 24. Kd3 Rc3+ 25. bxc3 Bxf4 26. Qh8#) (20... Be3+ 21. Kb1 g6) 21. Qh5 $1 {[%csl Gh3][%cal Rh5h8]} ({Stronger than} 21. Nxd7 Bxd7 22. Qh5 f5 $11) 21... Be3+ 22. Kb1 {[%csl Gh3][%cal Rh5h8]} Qd1+ 23. Qxd1 {Threatening mate with Qh5.} Rfd8 24. Qh5 {Precision: White = 97%, Black = 28%.} 1-0

[Event "Fall Chess Classic-B 2018"]
[Site "Saint Louis"]
[Date "2018.10.18"]
[Round "9"]
[White "Gabuzyan, Hovhannes"]
[Black "Yoo, Christopher Woojin"]
[Result "1-0"]
[WhiteElo "2592"]
[BlackElo "2410"]
[Annotator "TA"]
[PlyCount "69"]
[EventDate "2018.10.10"]
[EventType "tourn"]
[EventCountry "USA"]
[SourceTitle "playchess.com"]
[Source "ChessBase"]
[SourceQuality "1"]

{[%evp 11,69,0,0,-46,0,0,0,-8,0,0,2,0,0,-33,-41,-33,-45,-35,-29,-25,-23,-22,-22,-33,-30,-24,-7,0,0,-2,0,-6,-10,-26,-25,-32,0,3,9,0,51,48,47,58,73,33,33,33,35,47,33,20,39,39,45,20,394,385,468,468]} 1. Nf3 Nf6 2. g3 g6 3. Bg2 Bg7 4. c4 O-O 5. Nc3 c6 6. e4 d5 {LiveBook: 12 Games. A16: English Opening: 1...Nf6 with ...d5} 7. e5 (7. cxd5 cxd5 8. e5 Ne4 9. O-O Qa5 10. Ne2 Nc6 11. d3 Nc5 12. d4 Ne6 13. Be3 Rd8 14. h4 {½-½ (42) Grischuk,A (2766)-Aronian,L (2767) Saint Louis 2018}) 7... Ne4 8. Qe2 Nxc3 {The position is equal.} 9. bxc3 c5 $146 ({Predecessor:} 9... dxc4 10. Qxc4 Be6 11. Qe2 b5 12. Nd4 Bd5 13. O-O Bxg2 14. Kxg2 {1-0 (43) Pugach,M-Alvarez del Monte,J Buenos Aires 1959}) 10. O-O Nc6 {[%cal Bb8c6,Bc6e5,Be5f3][%mdl 32]} 11. Re1 Bg4 12. cxd5 Nxe5 13. Qe3 Bxf3 14. Bxf3 Nxf3+ 15. Qxf3 Qd7 16. Rb1 b6 17. Rb3 c4 18. Rb4 b5 19. a4 a6 20. d4 $1 Rfd8 21. d6 exd6 22. Qd5 {[%cal Ra4b5]} Re8 23. Be3 {[%cal Ra4b5]} bxa4 (23... Bh6 $5) 24. Ra1 Rab8 {[#] And now ...Rxb4 would win.} 25. Qxc4 Rb5 (25... d5 $11 26. Qxa6 Ra8) 26. Rbxa4 $14 Rc8 27. Qd3 Qh3 {and if ...Rh5 works, Black does fine.} 28. Qf1 Qxf1+ 29. Kxf1 Rxc3 30. Rxa6 {Threatening mate with Ra8+.} Bf8 $1 31. Bf4 Rc4 32. Ra8 $36 {[%mdl 2048] Bh6 would kill now. White has good play.} Kg7 33. Re1 {Strongly threatening Rxf8!} (33. R1a7 $5 {[%cal Ra8e8]}) 33... Rb7 $2 {[%mdl 8192] [#]} (33... g5 $1 $11 {and Black has nothing to worry.} 34. Be3 Be7) 34. Rxf8 $1 $18 {[%mdl 512]} Rxd4 (34... Kxf8 35. Bh6+) 35. Rd8 {Precision: White = 51%, Black = 51%.} 1-0

[Event "Fall Chess Classic-B 2018"]
[Site "Saint Louis"]
[Date "2018.10.18"]
[Round "9"]
[White "Holt, Conrad"]
[Black "Zierk, Steven"]
[Result "0-1"]
[WhiteElo "2561"]
[BlackElo "2506"]
[Annotator "TA"]
[PlyCount "164"]
[EventDate "2018.10.10"]
[EventType "tourn"]
[EventCountry "USA"]
[SourceTitle "playchess.com"]
[Source "ChessBase"]
[SourceQuality "1"]

{[%evp 25,164,26,24,5,7,12,34,34,34,31,41,39,35,34,34,28,41,31,35,34,60,50,54,45,57,44,47,26,52,29,69,56,61,59,58,69,54,44,66,54,54,41,55,35,35,21,23,24,35,14,31,14,33,3,27,26,23,26,53,60,53,0,0,0,0,0,0,0,0,0,0,0,0,0,2,0,8,8,8,0,15,8,22,19,10,16,16,0,0,0,14,0,10,8,10,0,10,-8,-8,-8,-8,-37,-18,-18,-18,-18,-20,-25,-32,-94,-94,-94,-94,-94,-94,-94,-94,-94,-94,-94,-94,-94,-94,-94,-94,-29965,-29965,-29962,-29959,-5282,-5385,-29981,-29982,-29982,-29982,-29983,-29984,-29983,-29983,-29985,-29986]} 1. d4 d5 2. c4 dxc4 3. e3 e6 4. Bxc4 c5 5. Nf3 Nf6 6. O-O a6 7. Bb3 Nc6 8. Nc3 Be7 9. dxc5 Qxd1 10. Rxd1 Bxc5 11. Bd2 {[%cal Bc1d2,Bd2a5,Ba5c7][%mdl 32]} O-O {D27: Queen's Gambit Accepted: Classical main line: 7 e4!? and 7 a4} (11... Bd7 12. Rac1 Ba7 13. Na4 Ke7 14. Be1 Rhd8 15. Nc5 Bxc5 16. Rxc5 Be8 17. Rdc1 Ne4 18. R5c2 f6 19. Nd2 Nd6 {0-1 (35) Nielsen,P (2697)-Nakamura,H (2715) Oslo 2009}) 12. Na4 Ba7 13. Rac1 Rd8 {LiveBook: 6 Games. White has an edge.} 14. Ba5 Rxd1+ 15. Rxd1 Nd7 16. Bc7 b5 17. Bc2 Nf6 18. Nb6 Bxb6 $1 19. Bxb6 {[#]} Bb7 $146 20. Bb1 Rc8 21. e4 Nb8 22. Nd2 Nbd7 23. Bd4 Nc5 {[%cal Rf6e4]} 24. f3 Nfd7 25. Nf1 f6 26. Ne3 Kf8 27. Bc2 Ke7 28. Bc3 Ke8 29. Bb4 Na4 30. b3 Nac5 31. Kf1 Rc6 32. Ke2 g6 33. Bb1 e5 34. Nd5 (34. g3 {with more complications.} Ne6 35. h4 Nd4+ 36. Kf2 Nc5 37. Nd5) 34... Rc8 35. Ke3 Bxd5 36. Rxd5 Rc6 37. g3 Ne6 38. Rd6 Nb8 39. f4 (39. Rd1 {seems wilder.} Nd4 40. Bd2 Nd7 41. Kf2 Rd6 42. Bc3) 39... Rxd6 (39... a5 $5 40. Rxc6 Nxc6 $14) 40. Bxd6 $11 {[%mdl 4096] Endgame KBB-KNN} Nc6 41. f5 Ned4 42. Bc5 g5 {[%cal Bg6g5,Bg5g4][%mdl 32]} 43. b4 (43. h4 $14) 43... g4 $1 44. Bd3 Kd7 45. Kf2 Ke8 46. Bb1 Kd7 47. a3 Nb3 48. Be3 Ncd4 49. Ba2 Ke7 50. Bh6 a5 51. bxa5 Nxa5 52. Bd2 Nc4 53. Bc3 {Hoping for Bxd4.} Nc6 54. a4 Nd6 55. Bd5 Kd7 56. axb5 Nxb5 57. Bd2 Ncd4 58. Ba5 Nd6 59. Ke3 Nc2+ 60. Kf2 Nd4 61. Kg2 Nc6 62. Be6+ Ke8 63. Be1 Ne7 64. h3 $1 h5 65. hxg4 hxg4 66. Bb3 $1 Nxe4 67. Bd1 ({White should try} 67. Ba4+ $15 Kf7 68. Bb3+ Kg7 69. Bc2) 67... Nxf5 $17 {White must now prevent ...Ne3+.} 68. Bxg4 Ne3+ $1 69. Kf3 {Bh5+ is the strong threat.} Nxg4 70. Kxe4 {KB-KN} Kf7 $1 71. Kd5 f5 72. Bc3 e4 $1 73. Kd4 Kg6 74. Bd2 Kh5 {And now ...Nh2 would win.} 75. Bf4 $2 {[%mdl 8192] [#]} (75. Ba5 $17) 75... Nf2 $1 {[%cal Rf2d1]} 76. Ke3 {[#]} Nh1 $1 77. Kd4 Kg4 78. Ke5 Nxg3 {Black mates.} 79. Bh6 Kf3 80. Bg5 e3 {[%cal Be4e3,Be3e2][%mdl 32]} 81. Bh6 Nf1 82. Bg5 e2 {Precision: White = 46%, Black = 76%.} 0-1

[Event "Fall Chess Classic-B 2018"]
[Site "Saint Louis"]
[Date "2018.10.18"]
[Round "9"]
[White "Moradiabadi, Elshan"]
[Black "Azarov, Sergei"]
[Result "1/2-1/2"]
[WhiteElo "2534"]
[BlackElo "2565"]
[Annotator "TA"]
[PlyCount "83"]
[EventDate "2018.10.10"]
[EventType "tourn"]
[EventCountry "USA"]
[SourceTitle "playchess.com"]
[Source "ChessBase"]
[SourceQuality "1"]

{[%evp 15,83,31,46,19,15,12,19,16,54,50,59,35,35,35,35,33,35,32,36,22,31,30,35,0,27,27,27,17,27,30,29,32,33,24,56,48,84,14,14,17,22,22,50,21,58,56,74,64,45,42,88,92,85,97,100,41,147,121,120,4,4,0,8,8,13,0,0,0,0,0]} 1. d4 Nf6 2. c4 e6 3. Nf3 b6 4. g3 Bb7 5. Bg2 Be7 6. O-O O-O 7. Re1 h6 {E17: Queen's Indian: 4 g3 Bb7 5 Bg2 Be7} (7... a5 8. Bf4 Na6 9. Nc3 Ne4 10. Nd2 Nxc3 11. bxc3 Bxg2 12. Kxg2 Nb8 13. e4 d6 14. Nf3 a4 15. e5 {½-½ (33) Nakamura,H (2781)-Rapport,R (2700) Caleta 2018}) 8. Nc3 Ne4 {LiveBook: 3 Games} 9. Qc2 Nxc3 10. Qxc3 Na6 $146 {Hoping for ...Bb4.} ({Predecessor:} 10... Nc6 11. a3 d5 12. cxd5 exd5 {½-½ (81) Kudryashov,O (1915)-Ikonnikov,G (1975) Gorodets 2011}) 11. a3 c5 12. e4 d6 13. b3 cxd4 14. Nxd4 Nc5 15. Bb2 Bf6 16. Qc2 Qb8 17. Rad1 a6 18. b4 Nd7 19. Nf3 Rc8 20. Bxf6 Nxf6 21. e5 dxe5 22. Nxe5 Bxg2 23. Kxg2 Qb7+ 24. Kg1 b5 25. c5 a5 {[#]} 26. Rd4 ({White should try} 26. Rd6 $1 $16) 26... axb4 $11 27. axb4 Nd5 28. Qd2 Ra3 29. Rg4 Nf6 30. Rf4 $1 Rca8 31. Qd4 Ra2 32. h4 Qd5 33. Qxd5 exd5 34. Nc6 Rb2 35. g4 ({Better is} 35. Re7 $16) 35... Ra6 (35... Raa2 $14) 36. Ne7+ $16 Kf8 37. Nf5 (37. g5 $16 hxg5 38. hxg5) 37... Ne4 $11 {The position is equal.} 38. Ne3 Raa2 {[%cal Re4f2]} 39. c6 {[#] And now c7 would win.} Nxf2 {( -> ...Nh3+)} 40. Rxf2 Rxf2 41. Rc1 $1 {Threatens to win with c7.} Rf3 42. c7 {Precision: White = 51%, Black = 45%.} 1/2-1/2